Nolte, Hans-Heinrich, 1938-. "Drang nach Osten". - Köln [u.a.] : Europ. Verl.-Anst.. - 1976 [Rezension]
| Titel: | Nolte, Hans-Heinrich, 1938-. "Drang nach Osten". - Köln [u.a.] : Europ. Verl.-Anst.. - 1976 [Rezension] |
|---|---|
| Verfasser: | |
| In: |
Zeitschrift für Ostforschung, Band 30 (1981), Seite 721-723 alle Artikel anzeigen |
| Veröffentlicht: | 1981 |
| Format: | Aufsatz |
| Sprache: | Deutsch |
X
alg: 39479430
001A $01999:12-11-16
001B $01999:03-08-21 $t21:02:33.000
001D $01999:12-11-16
001U $0utf8
001X $00
002@ $0Aox
003@ $0394794303
007A $0394794303 $aHEB
007T $0Herdc0026323m
010@ $ager
011@ $a1981
021A $aNolte, Hans-Heinrich, 1938-. "Drang nach Osten". - Köln {[u.a.] : Europ. Verl.-Anst.. - 1976 [Rezension]
028A $#Meyer, Klaus $#Meyer, Klaus E. $7119209527 $8Meyer, Klaus$Z1928-2007 [Tp1] $9087549506
031A $d30 $h721-723 $j1981
039B $aIn $8--Abvc--. Zeitschrift für Ostforschung. - Marburg, L. : Verl. Herder-Inst., 1952-1994. - ISSN 0044-3239 $x198100000300000279 $9047249315
039T $8--Aau--Nolte, Hans-Heinrich$Z1938- [Tp1]. "Drang nach Osten". - Köln {[u.a.] : Europ. Verl.-Anst., 1976. - 270 S.. - ISBN 3-434-20097-5 $9045877831
045F $a900.9437 $eDDC23BSB
045F/01 $a900
045F/03 $g437
045T $a9,10
045T $aOST $qDE-12 $2FID
lok: 39479430 78
exp: 39479430 78 1 #EPN
201B/01 $018-11-16 $t12:45:27.000
201U/01 $0utf8
203@/01 $0791092917
208@/01 $a12-11-16 $be
209A/01 $a/ $f000 $x00
220C/01 $aTitelaufnehmer: wr;an
220C/01 $aAnmerkung: ng
244Z/01 $2Trx $#Kesk- ja Ida- Euroopa kontseptsioonid $#Vidurio Europos koncepcijos $#East-Central Europe $#Keletközépeurópa-eszmék $#Europa Środkowo-Wschodnia koncepcje $#Európa stredovýchodná koncepcie $#Evropa střední, východní část koncepce $#Mitteleuropa $#Osteuropakonzeptionen $#Europa Środkowa koncepcje $#Stredná Európa koncepcie $#Střední Europa koncepce $8--Trx--Ostmitteleuropakonzeptionen $x01 $9391364286
244Z/01 $2Trx $#arvustused $#recenzijos $#Reviews $#recenziók $#recenzje $#recenzie $#recenze $8--Trx--Rezensionen $x02 $9391357441
247C/01 $82080>Marburg/Lahn, Herder-Institut, Forschungsbibliothek, Bibliographieportal $9336309341
| LEADER | 00000caa a22000002c 4500 | ||
|---|---|---|---|
| 001 | 394794303 | ||
| 003 | DE-603 | ||
| 005 | 20210803210233.0 | ||
| 007 | tu | ||
| 008 | 161112s1981 xx |||| | u00||u|ger c | ||
| 035 | |a (DE-599)HEB394794303 | ||
| 040 | |a DE-603 |b ger |c DE-603 |d DE-603 | ||
| 041 | |a ger | ||
| 082 | 0 | 4 | |8 1\u |a 900.9437 |q DE-101 |2 23/BSB |
| 084 | |a 9,10 |2 ssgn | ||
| 084 | |a OST |q DE-12 |2 fid | ||
| 085 | |8 1\u |b 900 | ||
| 085 | |8 1\u |z 2 |s 437 | ||
| 100 | 1 | |a Meyer, Klaus |d 1928-2007 |0 (DE-603)087549506 |0 (DE-588)119209527 |2 gnd | |
| 245 | 0 | 0 | |a Nolte, Hans-Heinrich, 1938-. "Drang nach Osten". - Köln [u.a.] : Europ. Verl.-Anst.. - 1976 [Rezension] |
| 264 | 0 | |c 1981 | |
| 773 | 0 | 8 | |i In |t Zeitschrift für Ostforschung |d Marburg, L. : Verl. Herder-Inst., 1952-1994 |x 0044-3239 |g Band 30 (1981), Seite 721-723 |w (DE-603)047249315 |w (DE-600)200048-9 |
| 787 | 0 | 8 | |i Rezension von |a Nolte, Hans-Heinrich, 1938- |t "Drang nach Osten" |d Köln [u.a.] : Europ. Verl.-Anst., 1976 |h 270 S. |z 3434200975 |w (DE-603)045877831 |
| 924 | 0 | |9 2080 |a (DE-603)791092917 |b DE-2080 |c HES |d d |g / | |


